000 01114nam a2200337Ia 4500
003 OSt
005 20221007124008.0
006 a|||||r|||| 00| 0
007 ta
008 221006b |||||||| |||| 00| 0 eng d
020 _a9788176710596 (hbd)
024 _a83769
037 _b1237, 23/02/2009, Educational Book Agency (India)
_cTextbook
040 _aCDL
_cCDL
_beng
041 _2eng
_aeng
082 _aE9G,982, P1;P8 Carc
100 _aPalmer Trevor
245 0 _aEnzymes:biochemistry, biotechnology, and clinical chemistry
_b Bonner Philip L
250 _a2
260 _aNew
_bDelhi Eeast West Press
_c2008
300 _axv, 416p.
_ccm.
500 _aIncludes bibliographical references.; Index 405-416p.
650 _a Biochemistry
650 _a Biotechnology
650 _a Clinical chemistry
_9718279
650 _a Enzymes
_9475642
650 _aChemistry
700 _a Bonner Philip L
942 _hE9G,982, P1;P8 Carc
_cTB
_2CC
999 _c1212770
_d1212770